000 00591nam a22001817a 4500
999 _c62599
_d62599
005 20241216121212.0
008 241216c2003 enk||||| |||| 00| 0 eng d
020 _q13033646
041 _aeng
245 _aJOURNAL OF CELL AND MOLECULAR BIOLOGY /
_bVolume 2 # 1 2003.
260 _aIstanbul :
_c2003.
300 _aV.
653 _a ბიოლოგია
653 _aუჯრედის ბიოლოგია
653 _aბიოქიმია და მოლეკულური ბიოლოგია
653 _a პერიოდიკა
942 _2udc
_cCR